MDQL
is popping MORE tags! Check the
thread
!
Quizzes
Events
Quiz Creation
Community
Videos
Private Events
Remove Ads
Sign In
Join for FREE
Feedback
Dark Mode
Quiz Categories
Sports
Geography
Music
Movies
Television
Just For Fun
Miscellaneous
History
Literature
Language
Science
Gaming
Entertainment
Religion
Holiday
For Kids
Quiz Lab
Recent
Popular Today
Quiz Kudos Today
Editor Picks
Curator Picks
Quizzes by...
Day
Popularity
Type
Ratings
Length
Year
Community
Subscriptions
Recent Discussions
Orange Saloon
Badges
Playlists
Quests
Create
Leaderboards
Showdown
Live 5
Trivia Bingo
Activity
Puzzle Library
Sporcle Events
Private Events
Virtual Trivia
Globe League
Become a Host
Pub Owners
SporcleCon
Opinionation
Our Games
Videos
Blog
Mobile Apps
Partnerships
Remove Ads and Go Orange
Feedback
Science
Computer
Plants
Astronomy
Chemistry
Elements
Math
Animal
Physics
Anatomy
Biology
Geology
General Science
Science
Computer
Plants
Astronomy
Chemistry
Elements
Math
Animal
Physics
Anatomy
Biology
Geology
General Science
Random Quiz
Search Sporcle
×
Quiz Lab
Quiz Lab
Science
Symbol
Type in answers that appear in a list
Type in answers that appear in a list
Classic
Best Score? Go Orange.
Monatomic Ions Symbols and Formulas Stats
Can you name the Monatomic Ions Symbols and Formulas
By
mastablasta500
10m
39 Questions
94 Plays
94 Plays
94 Plays
Comments
Comments
Give Quiz Kudos
Give Quiz Kudos
-
- Ratings
hide this ad
Replay
Link that replays current quiz
Next Quiz
Link to next quiz in quiz playlist
You Got
0%
They Got
Avg Score
58%
Avg Friend Score
Upgrade to see
Score Distribution
Jump to the score distribution portion of the page
Score
0/39
Timer
10:00
0
Plays Today
Element Name with number/Element symbol
Answer
% Correct
Cu+
Copper(I)
89.4%
Lithium
Li+
86.2%
K+
Potassium
80.9%
Ca2+
Calcium
76.6%
Silver
Ag+
75.5%
Na+
Sodium
75.5%
Barium
Ba2+
69.1%
Iron(II)
Fe2+
67%
Cobalt(II)
Co2+
64.9%
Cu2+
Copper(II)
62.8%
Magnesium
Mg2+
61.7%
Zn2+
Zinc
60.6%
Cr2+
Chromium(II)
59.6%
Mercury(II)
Hg2+
59.6%
Iron(III)
Fe3+
58.5%
Pb2+
Lead(II)
57.4%
Mn2+
Manganese(II)
57.4%
Aluminum
Al3+
56.4%
Bromide
Br-
56.4%
Ni2+
Nickel(II)
54.3%
Element Name with number/Element symbol
Answer
% Correct
Strontium
Sr2+
54.3%
Tin(II)
Sn2+
54.3%
Co3+
Cobalt(III)
54.3%
O2-
Oxide
54.3%
Bismuth(III)
Bi3+
52.1%
Cr3+
Chromium(III)
52.1%
Manganese(III)
Mn3+
52.1%
Iodide
I-
52.1%
Ni3+
Nickel(III)
51.1%
Cl-
Chloride
51.1%
Hydride
H-
50%
F-
Fluoride
48.9%
Pb4+
Lead(IV)
46.8%
Sn4+
Tin(IV)
45.7%
N3-
Nitride
45.7%
Selenide
Se2-
44.7%
Arsenide
As3-
43.6%
S2-
Sulfide
43.6%
P3-
Phosphide
40.4%
Quiz Playlist
Details
Report
Send in Message
Add To Playlist
Classic:
Type in answers that appear in a list
Last Updated: Feb 16, 2017
Quiz Scoreboard
CHALLENGE
Sign Up to Join the Scoreboard
Show All
Scores
Hide
Comments
May contain spoilers
Recently Published
Find the 'City' Movie
by crazypaving
Movies
60s
5x2 Blitz: Bands
by SL_Kpop136
Music
30s
Colored Red Africa Blitz
by spor1
Geography
30s
More to Explore
Quiz From the Vault
Featured Blog Post
14 Easter Pick-up Lines to Find Eggs With
hide this ad
You Might Also Like...
Tags
formula
ion
Symbol
Today's Top Quizzes in Science
Browse Science
hide this ad
Today's Top Quizzes in Symbol
Browse Symbol
Top Contributed Quizzes in Science
1
Glycolysis
2
'C' Flowers II
3
Sorting Squares: Animals by Continent
4
Square Numbers Scrambled (1-50)
5
Amino Acid Groups
6
Get the Picture: Gas Welding Flames
7
Medical Terminology Roots
8
ϛoRͲ1nℊ Blitz: Common Stuff
9
Glycolysis - Substrates (fill in the blank)
10
Call A Doctor! Ailments 7-to-1
Explore More
Trending Topics
NBA
Anime
Disney
Crossword
Kpop
Harry Potter
Marvel
The Office
Song
Puzzle
NFL
WWE
Soccer
Country
Pokémon
hide this ad
More By:
mastablasta500
Quiz
Plays
Rating
Category
Featured
Created
Monatomic Ions Symbols and Formulas
94
Science
Nov 9, 2014
Go to Creator's Profile
Score Distribution
Quiz Creator Spotlight
mastablasta500
Follow
Send a Message
Quizzes Created
-
Created Quiz Play Count
-
More By This Creator
Popular Quizzes Today
1
5x2 Blitz: Bands
2
Find the 'City' Movie
3
Colored Red Africa Blitz
4
Find the US States - No Outlines Minefield
5
The Countries of the World
6
Find the US States
7
9x9 Crossword: Cartoon Network
8
US States
More Science Quizzes
Body Part or Harry Potter?
Published
Trending Quizzes
Colored Red Africa Blitz II
Colored Red Europe Blitz I
Christmas Pick: Judaism
Colored Red Africa Blitz III
Colored Red Europe Blitz II
Recently Updated
Champions League XIs: Real Madrid
pecheneg
Largest US Cities 1790-2010
pecheneg
Rides in Walt Disney World
pecheneg
Most Oscar Losses (Acting)
pecheneg
Beyoncé Albums
pecheneg
Leaping Animals
pecheneg
Reality TV Shows (A-Z)
bhenderson79
Rickey Henderson's Hall of Fame Teammates
pecheneg
Champions League XIs: Arsenal
pecheneg
Quick Pick: Celebrities in WWE's Hall of Fame
aduchscher
Trending Topics
Marvel
Disney
Crossword
NBA
Kpop
Anime
Harry Potter
Pokémon
Puzzle
NFL
WWE
Song
Country
The Office
Soccer
Your Account Isn't Verified!
In order to create a playlist on Sporcle, you need to verify the email address you used during registration. Go to your
Sporcle Settings
to finish the process.
Report this User
Report this user for behavior that violates our
Community Guidelines
.
Details:
Send Report
Go to the Sporcle.com Mobile Site →
Comments